000 01126nam a2200325I 4500
999 _c7280
_d7280
001 7280
003 BD - Jhcc
005 20180403103330.0
008 750804 1974 eng c
035 _aMITb10009524
035 _a(BD - Jhcc)7280
035 _aGLIS00009524
040 _aM.I.T.
_dBD-JhCC
041 _aeng
082 _bLON 1974
_a631.587
090 _aTC803
_b.S6 1973
099 _aTC803.S6 1973
100 _aLong, James
111 2 _aSpecialty Conference on Agricultural and Urban Considerations in Irrigation and Drainage
_d(1973 :
_cFort Collins, Colo.)
245 1 0 _aSelected papers /
_bJames Long
260 _aNew York,
_bAmerican Society of Civil Engineers,
_c1974.
300 _a126 p. :
_bill. ;
_c22 cm.
500 _aCover title: Agricultural and urban considerations in irrigation and drainage.
504 _aIncludes bibliographical references.
650 0 _aIrrigation
_zUnited States
_vCongresses.
650 0 _aDrainage
_zUnited States
_vCongresses.
650 0 _aWater-supply
_zUnited States
_vCongresses.
942 _2ddc
_cBK